За мужество! (Запись № 10452943)

Подробности
000 -МАРКЕР
контрольное поле 02706nam0a2200421 i 4500
001 - ИДЕНТИФИКАТОР ЗАПИСИ
контрольное поле RU\NLR\BIBL_A\010578785
005 - ИДЕНТИФИКАТОР ВЕРСИИ
контрольное поле 20260406103350.0
010 ## - МЕЖДУНАРОДНЫЙ СТАНДАРТНЫЙ НОМЕР КНИГИ (ISBN)
Номер (ISBN) 9785445103509
Тираж 5000
021 ## - НОМЕР ГОСУДАРСТВЕННОЙ РЕГИСТРАЦИИ
Код страны Российская Федерация
Номер 2016-17266
Номер Листа государственной регистраци 1115
021 ## - НОМЕР ГОСУДАРСТВЕННОЙ РЕГИСТРАЦИИ
Код страны Российская Федерация
Номер 2014-81359
Номер Листа государственной регистраци 4960
035 ## - ДРУГИЕ СИСТЕМНЫЕ НОМЕРА
Идентификатор записи (NILC)RuMoRGB-007573864
035 ## - ДРУГИЕ СИСТЕМНЫЕ НОМЕРА
Идентификатор записи (NLR Aleph) 010578785
100 ## - ДАННЫЕ ОБЩЕЙ ОБРАБОТКИ
Данные общей обработки 20141226d2014 c y0rusy50 ca
101 0# - ЯЗЫК РЕСУРСА
Язык текста, звукозаписи и т.д. русский
102 ## - СТРАНА ПУБЛИКАЦИИ ИЛИ ПРОИЗВОДСТВА
Страна публикации Российская Федерация
105 ## - ПОЛЕ КОДИРОВАННЫХ ДАННЫХ: ТЕКСТОВЫЕ МАТЕРИАЛЫ, МОНОГРАФИЧЕСКИЕ
Кодированные данные о монографическом текстовом документе a|||z|||000ay
200 1# - ЗАГЛАВИЕ И СВЕДЕНИЯ ОБ ОТВЕТСТВЕННОСТИ
Основное заглавие За мужество!
Сведения, относящиеся к заглавию [рассказы о Великой Отечественной войне
-- для дошкольного и младшего школьного возраста
Последующие сведения об ответственности худож.: А. Кузнецов, А. Лурье]
210 ## - ПУБЛИКАЦИЯ, РАСПРОСТРАНЕНИЕ И ДР.
Место издания, распространения и т.д. Москва
Имя издателя, распространителя и т. д. ОНИКС-ЛИТ
Дата издания, распространения и т.д. 2014
215 ## - ФИЗИЧЕСКАЯ ХАРАКТЕРИСТИКА
Специфическое обозначение материала и объем 18 с.
Другие сведения о физической характеристике цв. ил.
Размеры 28
225 1# - СЕРИЯ
Основное заглавие серии Награды Великой Отечественной
327 1# - ПРИМЕЧАНИЯ О СОДЕРЖАНИИ
Текст примечания Содерж.: Танки против танков; Подвиг сапeра / С. Алексеев. 58 дней в огне / В. Богомолов
333 ## - ПРИМЕЧАНИЯ ОБ ОСОБЕННОСТЯХ РАСПРОСТРАНЕНИЯ И ИСПОЛЬЗОВАНИЯ
Текст примечания 6+
464 #0 - АНАЛИТИЧЕСКИЙ УРОВЕНЬ
Встроенное поле 2001#$aТанки против танков$fС. Алексеев
-- 700#1$aАлексеев$bС. П.$cписатель$f1922-2008$gСергей Петрович$3RU\NLR\AUTH\7714334
Заглавие Танки против танков
Автор Алексеев, Сергей Петрович (писатель ; 1922-2008)
464 #0 - АНАЛИТИЧЕСКИЙ УРОВЕНЬ
Встроенное поле 2001#$aПодвиг сапeра$fС. Алексеев
-- 700#1$aАлексеев$bС. П.$cписатель$f1922-2008$gСергей Петрович$3RU\NLR\AUTH\7714334
Заглавие Подвиг сапeра
Автор Алексеев, Сергей Петрович (писатель ; 1922-2008)
464 #0 - АНАЛИТИЧЕСКИЙ УРОВЕНЬ
Встроенное поле 2001#$a58 дней в огне$fВ. Богомолов
-- 700#1$aБогомолов$bВ. М.$f1924-$gВладимир Максимович
Заглавие 58 дней в огне
Автор Богомолов, Владимир Максимович (1924-)
606 ## - НАИМЕНОВАНИЕ ТЕМЫ КАК ПРЕДМЕТ
Наименование темы Великая Отечественная война
Тематический подзаголовок в детской литературе
Хронологический подзаголовок 1941 - 1945
Системный номер авторитетной/нормативной записи 1237112
Идентификатор авторитетной/нормативной записи RU\NLR\AUTH\66187478
686 0# - ИНДЕКСЫ ДРУГИХ КЛАССИФИКАЦИЙ
Индекс Ш9(2)60=Р7-4я43
702 #1 - ИМЯ ЛИЦА - ВТОРИЧНАЯ ОТВЕТСТВЕННОСТЬ
Код отношения Карикатурист, Художник
Графика поля Кириллица
Материалы, к которым относится поле rus
Начальный элемент ввода Кузнецов
Часть имени, кроме начального элемента ввода А. М.
Дополнения к именам, кроме дат художник-иллюстратор
Даты 1961-
Расширение инициалов личного имени Андрей Михайлович
Системный номер авторитетной/нормативной записи 47149
Идентификатор авторитетной/нормативной записи RU\NLR\AUTH\7764220
702 #1 - ИМЯ ЛИЦА - ВТОРИЧНАЯ ОТВЕТСТВЕННОСТЬ
Код отношения Карикатурист, Художник
Графика поля Кириллица
Материалы, к которым относится поле rus
Начальный элемент ввода Лурье
Часть имени, кроме начального элемента ввода А. А.
Дополнения к именам, кроме дат художник-иллюстратор
Даты 1916-1990
Расширение инициалов личного имени Аркадий Александрович
Системный номер авторитетной/нормативной записи 71875
Идентификатор авторитетной/нормативной записи RU\NLR\AUTH\7788947
801 #0 - ИСТОЧНИК ЗАПИСИ
Страна Российская Федерация
Организация РГБ
Дата составления 20141028
Правила каталогизации RCR
801 #1 - ИСТОЧНИК ЗАПИСИ
Страна Российская Федерация
Организация РГБ
Дата составления 20141028
Источник данных rusmarc
942 ## - ДОПОЛНИТЕЛЬНЫЕ ЭЛЕМЕНТЫ ЗАПИСИ (АБИС)
Тип экземпляра АБИС Книга
980 ## - КОЛЛЕКЦИЯ
Название коллекции НБР

Нет доступных экземпляров.